| 000 | 01656nam0a2200301 4500 | ||
|---|---|---|---|
| 001 | RU\NLR\bibl\510687 | ||
| 005 | 20260406080654.0 | ||
| 021 |
_aRU _b2004-11518 _9593 |
||
| 035 | _a(NLR Aleph) 000503189 | ||
| 090 |
_a1186452 _c1186452 |
||
| 100 | _a20040413d2002 |||y0rusy50 ca | ||
| 101 | 0 | _arus | |
| 102 | _aRU | ||
| 105 | _aa ||||||||| | ||
| 200 | 1 |
_aМенеджмент энергетического предприятия _eПринципы стратег. инновац. упр. ТЭС _eУчеб. пособие _fВ.В. Глухов, В.В. Морозов _gМ-во образования Рос. Федерации, С.-Петерб. гос. политехн. ун-т |
|
| 210 |
_aСПб. _cИзд-во СПбГПУ _d2002 |
||
| 215 |
_a57 с. _cил. _d20 |
||
| 606 | 0 |
_aЭнергетические предприятия _jРуководства, пособия и т.п. для высшей школы _xУправление _92012849 _3RU\NLR\auth\661210732 |
|
| 606 | 0 |
_aЭнергетические предприятия _jУчебные издания для высших учебных заведений _xУправление _92012849 _3RU\NLR\auth\661210732 |
|
| 686 | _aУ30(2)57-21я73 | ||
| 700 | 1 |
_4070 _7ca _8rus _aГлухов _bВ. В. _cд-р экон. наук _gВладимир Викторович _f1947- _3RU\NLR\AUTH\7743143 _926086 |
|
| 701 | 1 |
_4070 _8rus _7ca _aМорозов _bВ.В. _f1960- _cд-р экон. наук _gВладимир Викторович _3RU\NLR\auth\7726464 _99503 |
|
| 801 | 0 |
_aRU _bNLR _c20040413 _gPSBO |
|
| 801 | 1 |
_aRU _bNLR _c20040413 |
|
| 942 | _cBOOK | ||
| 980 | _aNB | ||